[Event "Gibtelecom ChallWk2 7th"]
[Site "Gibraltar"]
[Date "2009.02.05"]
[Round "5.15"]
[White "Demac, Elias"]
[Black "Ercan, Mehmet Fahri"]
[Result "1-0"]
[WhiteElo "1993"]
[BlackElo "2091"]
[PlyCount "71"]
[EventDate "2009.02.01"]
[EventType "swiss"]
[EventRounds "5"]
[EventCountry "GGB"]
[SourceTitle "BritBase"]
[Source "www.saund.co.uk"]
[SourceDate "2018.02.10"]
[SourceVersion "1"]
[SourceVersionDate "2018.02.10"]
[SourceQuality "1"]

1. d4 Nf6 2. c4 g6 3. Nc3 Bg7 4. e4 d6 5. f4 e5 6. dxe5 dxe5 7. Qxd8+ Kxd8 8.
fxe5 Ng4 9. Bg5+ Ke8 10. Rd1 Bd7 11. Nd5 Na6 12. h3 h6 13. Bf6 Nxf6 14. exf6
Bf8 15. a3 Bd6 16. Kf2 Nc5 17. Bd3 c6 18. Bc2 cxd5 19. Rxd5 Bf8 20. b4 Ne6 21.
Nf3 h5 22. Ne5 Bc6 23. Nxc6 bxc6 24. Ba4 Rc8 25. Rhd1 Bh6 26. Rd6 Bf4 27. Rxc6
Rxc6 28. Bxc6+ Kf8 29. Rd7 Be5 30. Bd5 Bxf6 31. Bxe6 fxe6 32. c5 Be5 33. Rxa7
g5 34. a4 g4 35. a5 Bc3 36. Rb7 1-0

[Event "Gibtelecom ChallWk2 7th"]
[Site "Gibraltar"]
[Date "2009.02.05"]
[Round "5.16"]
[White "Loberg, Jo Kristian"]
[Black "Lovik, Lasse Ostebo"]
[Result "0-1"]
[WhiteElo "1923"]
[BlackElo "2184"]
[PlyCount "84"]
[EventDate "2009.02.01"]
[EventType "swiss"]
[EventRounds "5"]
[EventCountry "GGB"]
[SourceTitle "BritBase"]
[Source "www.saund.co.uk"]
[SourceDate "2018.02.10"]
[SourceVersion "1"]
[SourceVersionDate "2018.02.10"]
[SourceQuality "1"]

1. e4 e5 2. Nf3 Nc6 3. Bb5 a6 4. Ba4 Nf6 5. O-O d6 6. Re1 Be7 7. h3 b5 8. Bb3
Na5 9. c3 Nxb3 10. Qxb3 O-O 11. d4 Bb7 12. Qc2 Nd7 13. Nbd2 c5 14. dxe5 dxe5
15. Nf1 c4 16. b4 a5 17. Bd2 Qc7 18. a3 g6 19. Bh6 Rfd8 20. Ng3 Nf8 21. Red1
Ne6 22. Be3 f6 23. Rxd8+ Rxd8 24. Rd1 Ra8 25. Qb2 Bc6 26. Ne1 Qb7 27. f3 Kf7
28. Nc2 h5 29. Bf2 Nf4 30. Ne1 Ne6 31. Nc2 h4 32. Nf1 f5 33. exf5 gxf5 34. Nfe3
Bxf3 35. gxf3 Qxf3 36. Ne1 Qxh3 37. N3g2 Qg4 38. Rd7 h3 39. Bh4 Re8 40. bxa5
hxg2 41. Rxe7+ Rxe7 42. Bxe7 Nf4 0-1

[Event "Gibtelecom ChallWk2 7th"]
[Site "Gibraltar"]
[Date "2009.02.05"]
[Round "5.17"]
[White "Beltran Medina, Jorge"]
[Black "Vea, Odin Blikra"]
[Result "0-1"]
[WhiteElo "2006"]
[BlackElo "2169"]
[PlyCount "104"]
[EventDate "2009.02.01"]
[EventType "swiss"]
[EventRounds "5"]
[EventCountry "GGB"]
[SourceTitle "BritBase"]
[Source "www.saund.co.uk"]
[SourceDate "2018.02.10"]
[SourceVersion "1"]
[SourceVersionDate "2018.02.10"]
[SourceQuality "1"]

1. d4 Nf6 2. c4 e6 3. g3 c5 4. Nf3 cxd4 5. Nxd4 Nc6 6. Nc3 Bb4 7. Bg2 O-O 8.
O-O a6 9. a3 Bxc3 10. bxc3 Na5 11. Qa4 Qc7 12. Rb1 Nxc4 13. Bg5 d5 14. Rfd1 Qe7
15. Bxf6 gxf6 16. e4 Qxa3 17. Qxa3 Nxa3 18. Rb3 Nc4 19. exd5 e5 20. Nc2 b5 21.
Ne3 Nd6 22. Rc1 Bd7 23. c4 bxc4 24. Rb6 Nc8 25. Rxf6 Kg7 26. Rf3 Nd6 27. Nxc4
Rfc8 28. Rfc3 Nb5 29. Re3 Rc5 30. Rxe5 Rac8 31. Bf1 Nd6 32. Nxd6 Rxc1 33. Kg2
Kf6 34. Re4 Ra8 35. Rf4+ Ke5 36. Nxf7+ Kxd5 37. Bd3 Bc6 38. Bxh7 Kc5+ 39. f3 a5
40. Ne5 Bb5 41. Be4 Rd8 42. g4 a4 43. Rf7 Rd2+ 44. Kg3 Rg1+ 45. Kf4 Rxh2 46.
Ra7 Kb4 47. Bd5 a3 48. g5 Rd2 49. Bf7 Rd6 50. g6 Rf6+ 51. Ke3 Ba6 52. Ra8 Re1+
0-1

[Event "Gibtelecom ChallWk2 7th"]
[Site "Gibraltar"]
[Date "2009.02.05"]
[Round "5.18"]
[White "Badillo Garcia, Aztlan"]
[Black "Cafolla, Peter"]
[Result "0-1"]
[WhiteElo "1383"]
[BlackElo "2013"]
[PlyCount "74"]
[EventDate "2009.02.01"]
[EventType "swiss"]
[EventRounds "5"]
[EventCountry "GGB"]
[SourceTitle "BritBase"]
[Source "www.saund.co.uk"]
[SourceDate "2018.02.10"]
[SourceVersion "1"]
[SourceVersionDate "2018.02.10"]
[SourceQuality "1"]

1. e4 c5 2. Bc4 d6 3. Nf3 e6 4. Nc3 Nf6 5. d3 a6 6. a4 Nc6 7. Bg5 Be7 8. O-O
Bd7 9. Qd2 h6 10. Bh4 g5 11. Bg3 Nh5 12. Kh1 g4 13. Ng1 Bg5 14. Qd1 Nxg3+ 15.
fxg3 h5 16. Nce2 Ne5 17. Bb3 Be3 18. h4 gxh3 19. Nxh3 h4 20. Qe1 Bg5 21. Nef4
Qe7 22. Rd1 O-O-O 23. d4 cxd4 24. Rxd4 Rdg8 25. Ne2 Bc6 26. Qf2 hxg3 27. Qxg3
Bh4 28. Qe3 f5 29. Nef4 Bg5 30. Qc3 Bxf4 31. Rxf4 Kb8 32. Qb4 Rxh3+ 33. gxh3
Qg5 34. Qxd6+ Ka8 35. Rg4 fxg4 36. Qxe6 Qc1+ 37. Kg2 gxh3+ 0-1

[Event "Gibtelecom ChallWk2 7th"]
[Site "Gibraltar"]
[Date "2009.02.05"]
[Round "5.19"]
[White "Dennis, Nigel W"]
[Black "Ribon Calabia, Mariano"]
[Result "1-0"]
[WhiteElo "1957"]
[BlackElo "1864"]
[PlyCount "91"]
[EventDate "2009.02.01"]
[EventType "swiss"]
[EventRounds "5"]
[EventCountry "GGB"]
[SourceTitle "BritBase"]
[Source "www.saund.co.uk"]
[SourceDate "2018.02.10"]
[SourceVersion "1"]
[SourceVersionDate "2018.02.10"]
[SourceQuality "1"]

1. e4 e6 2. d4 d5 3. Nc3 Nf6 4. Bg5 Be7 5. e5 Nfd7 6. Bxe7 Qxe7 7. f4 a6 8. Nf3
c5 9. Bd3 Nc6 10. O-O cxd4 11. Ne2 Nc5 12. Kh1 Bd7 13. Nexd4 Nxd4 14. Nxd4 Nxd3
15. Qxd3 O-O 16. Rae1 f5 17. a3 Rac8 18. Rf2 Rc7 19. Rg1 Be8 20. c3 Kh8 21. h3
Rd7 22. Qe3 Rg8 23. g4 Bg6 24. gxf5 Bxf5 25. Nxf5 exf5 26. Rg5 g6 27. Rfg2 Rc8
28. h4 Rc4 29. h5 h6 30. Rxg6 Qh4+ 31. Rh2 Qxf4 32. Qxf4 Rxf4 33. Rxh6+ Rh7 34.
Rd6 Re4 35. Rd8+ Kg7 36. Rg2+ Kh6 37. Rxd5 Re7 38. Rd8 Rh4+ 39. Kg1 Rxh5 40.
Rh8+ Rh7 41. Rxh7+ Kxh7 42. e6 f4 43. Re2 Rg5+ 44. Kf2 Rg8 45. Kf3 Kg7 46. Rg2+
1-0

[Event "Gibtelecom ChallWk2 7th"]
[Site "Gibraltar"]
[Date "2009.02.05"]
[Round "5.20"]
[White "Nisbet, Alex"]
[Black "Flanagan, Samuel"]
[Result "1/2-1/2"]
[WhiteElo "1922"]
[BlackElo "1650"]
[PlyCount "33"]
[EventDate "2009.02.01"]
[EventType "swiss"]
[EventRounds "5"]
[EventCountry "GGB"]
[SourceTitle "BritBase"]
[Source "www.saund.co.uk"]
[SourceDate "2018.02.10"]
[SourceVersion "1"]
[SourceVersionDate "2018.02.10"]
[SourceQuality "1"]

1. d4 d5 2. Bf4 Nf6 3. e3 Bf5 4. Bd3 Bxd3 5. Qxd3 c6 6. Nf3 e6 7. O-O Bd6 8.
Bxd6 Qxd6 9. Nbd2 Nbd7 10. Rfe1 O-O 11. e4 dxe4 12. Nxe4 Qf4 13. Rad1 Rad8 14.
Nxf6+ Nxf6 15. c3 Rd5 16. Qe3 Qxe3 17. Rxe3 1/2-1/2